<?xml version="1.0" encoding="UTF-8"?>
<record
    xmlns:xsi="http://www.w3.org/2001/XMLSchema-instance"
    xsi:schemaLocation="http://www.loc.gov/MARC21/slim http://www.loc.gov/standards/marcxml/schema/MARC21slim.xsd"
    xmlns="http://www.loc.gov/MARC21/slim">

  <leader>01121nam a22002297a 4500</leader>
  <controlfield tag="003">OSt</controlfield>
  <controlfield tag="005">20170424163901.0</controlfield>
  <controlfield tag="008">170424s2010    spc||||||||||o100 0 spa|d</controlfield>
  <datafield tag="017" ind1=" " ind2=" ">
    <subfield code="a">DL B. 7380-2010</subfield>
    <subfield code="b">Biblioteca de Catalunya</subfield>
  </datafield>
  <datafield tag="020" ind1=" " ind2=" ">
    <subfield code="a">9788439382706</subfield>
  </datafield>
  <datafield tag="040" ind1=" " ind2=" ">
    <subfield code="b">cat</subfield>
    <subfield code="c">CDMR</subfield>
  </datafield>
  <datafield tag="245" ind1="0" ind2="0">
    <subfield code="a">Medios de comunicaci&#xF3;n y pluralismo religioso</subfield>
  </datafield>
  <datafield tag="260" ind1=" " ind2=" ">
    <subfield code="a">[Barcelona] :</subfield>
    <subfield code="b">Consell de l'Audiovisual de Catalunya,</subfield>
    <subfield code="c">2010</subfield>
  </datafield>
  <datafield tag="300" ind1=" " ind2=" ">
    <subfield code="a">244 p. ;</subfield>
    <subfield code="c">21 cm</subfield>
  </datafield>
  <datafield tag="504" ind1=" " ind2=" ">
    <subfield code="a">Refer&#xE8;ncies bibliogr&#xE0;fiques</subfield>
  </datafield>
  <datafield tag="505" ind1="8" ind2=" ">
    <subfield code="a">Cont&#xE9; els treballs presentats al seminari Mitjans de Comunicaci&#xF3; i Pluralisme Religi&#xF3;s, organitzat pel Consell de l'Audiovisual de Catalunya i la Universitat Aut&#xF2;noma de Barcelona (Departament de Dret P&#xFA;blic i Ci&#xE8;ncies Historicojur&#xED;diques)</subfield>
  </datafield>
  <datafield tag="650" ind1=" " ind2="7">
    <subfield code="a">Mitjans de comunicaci&#xF3; de massa en la religi&#xF3;</subfield>
    <subfield code="x">Congressos</subfield>
    <subfield code="2">lemac</subfield>
    <subfield code="9">4513</subfield>
  </datafield>
  <datafield tag="710" ind1="1" ind2=" ">
    <subfield code="a">Consell de l'Audiovisual de Catalunya</subfield>
    <subfield code="9">828</subfield>
  </datafield>
  <datafield tag="710" ind1="2" ind2=" ">
    <subfield code="a">Universitat Aut&#xF2;noma de Barcelona</subfield>
    <subfield code="b">Departament de Dret P&#xFA;blic i de Ci&#xE8;ncies Historicojur&#xED;diques</subfield>
    <subfield code="9">3477</subfield>
  </datafield>
  <datafield tag="907" ind1=" " ind2=" ">
    <subfield code="a">.b43991890</subfield>
    <subfield code="b">12-03-15</subfield>
    <subfield code="c">12-05-10</subfield>
    <subfield code="d">12-05-10</subfield>
    <subfield code="e">m</subfield>
    <subfield code="f">a</subfield>
    <subfield code="g">-</subfield>
    <subfield code="h">spa</subfield>
    <subfield code="i">spc</subfield>
    <subfield code="j">0</subfield>
    <subfield code="k">0</subfield>
  </datafield>
  <datafield tag="942" ind1=" " ind2=" ">
    <subfield code="c">MON</subfield>
    <subfield code="2">udc</subfield>
  </datafield>
  <datafield tag="999" ind1=" " ind2=" ">
    <subfield code="c">7021</subfield>
    <subfield code="d">7021</subfield>
  </datafield>
  <datafield tag="952" ind1=" " ind2=" ">
    <subfield code="0">0</subfield>
    <subfield code="1">0</subfield>
    <subfield code="4">0</subfield>
    <subfield code="7">0</subfield>
    <subfield code="8">CIC</subfield>
    <subfield code="a">CDMR</subfield>
    <subfield code="b">CDMR</subfield>
    <subfield code="d">2017-04-24</subfield>
    <subfield code="l">0</subfield>
    <subfield code="o">CIC Ci 1/50</subfield>
    <subfield code="p">CDMR17040012</subfield>
    <subfield code="r">2017-04-24</subfield>
    <subfield code="w">2017-04-24</subfield>
    <subfield code="y">MON</subfield>
  </datafield>
</record>
